| 000 | 00736cam a2200229 4500 | ||
|---|---|---|---|
| 001 | 9608 | ||
| 003 | BD-RjUL | ||
| 005 | 20211208234816.0 | ||
| 008 | 140121s19uu1966pk ar s f0 0eng | ||
| 035 | _a(BD-RjUL)9653 | ||
| 040 |
_aDLC _cBD-RjUL _dBD-RjUL _beng |
||
| 041 | _aeng | ||
| 082 |
_a338.74 _bCEN 1966 |
||
| 245 | 1 | 0 | _aCentral government corporations / |
| 260 |
_aRawalpindi : _bMinistry of Finance, _c1966 |
||
| 300 |
_c25 cm. _av, 150p. ; |
||
| 650 | 0 |
_aCorporations _918097 |
|
| 700 |
_aPakistan. Office of the Economic Adviser. _9157929 |
||
| 785 | 0 | 0 |
_aPakistan. Office of the Economic Adviser. _tGovernment sponsored corporations and other institutions _x0078-8392 _w(OCLC)1774044 |
| 942 |
_2ddc _cBK |
||
| 999 |
_c9608 _d9608 |
||